000 00431nam a22001577a 4500
005 20240425084121.0
008 240425b |||||||| |||| 00| 0 eng d
022 _a02582503
041 _aEnglish
082 _a349 LAW
100 _lEnglish
245 _aThe South African Law Reports
260 _aCape Town:
_bJuta and Company Ltd,
_c2020
650 _aLegal practice
_bLaw
942 _cBK
_6ALISON_BN_VRIES
999 _c1570
_d1570